000 00320nam a2200133Ia 4500
008 191201s2013 xx 000 0 und d
082 _a005.133
_bKAT
100 _aKANETKAR, Yashavant
245 0 _aLet us C Solutions
250 _a13th
260 _c2013
_bBPB Publication
_aNEW DELHI
300 _a458
942 _2ddc
_cBK
999 _c7840
_d7840